Les Pictogrammes SIMDUT - Statistiques

Statistiques générales
  • Ce quiz a été pris 13 fois
  • Le résultat moyen est 5 sur 9
Statistiques - réponses
Par images Hint Réponse % Correct
Peut s’enflammer facilement Gaz Inflammable
100%
Alimente le feu Gaz Comburant
89%
Peut provoquer feu ou explosion Matière Autoréactive
78%
Gaz stocké sous haute pression Gaz Comprimé
67%
Attaque la peau, les yeux ou les métaux Corrosif
56%
Irrite les voies respiratoires Sensibilisation Respiratoire
44%
Toxique ou mortelle apres une courte exposition Toxicité Aiguë
44%
Dangereux pour la santé à long terme Danger pour la santé à long terme
33%
Contient des micro-organismes dangereux Danger Biologique
22%
Aucun quiz correspondant
Distribution des résultats
% des personnes avec chaque résultat
Percentile par nombre de réponses
Votre historique - résultats
Vous n’avez pas pris ce quiz